000
00206nam a22000857a 4500
001
1236367
005
20251001163729.0
245
_a
GEVREKÇİİİ
_c
HACE KILCIOĞLU
260
_b
GÜNIŞIĞI KİTAPLIĞI YAYINLARI
999
_c
1236367
_d
1236367